| Tag |
First Indicator |
Second Indicator |
Subfields |
| LEADER |
00000cam a2200000 a 4500 |
| 001 |
in00000524321 |
| 005 |
20231130191131.0 |
| 008 |
850220s1983 caua b 001 0 eng |
| 010 |
|
|
|a 82061133
|
| 019 |
|
|
|a 10280599
|a 11919654
|
| 020 |
|
|
|a 0821598996
|
| 020 |
|
|
|a 9780821598993
|
| 035 |
|
|
|a (OCoLC)ocm10045484
|
| 035 |
|
|
|a (OCoLC)10045484
|z (OCoLC)10280599
|z (OCoLC)11919654
|
| 035 |
|
|
|a (OCoLC)ocm10045484
|
| 040 |
|
|
|a DLC
|b eng
|c DLC
|d BTCTA
|d YDXCP
|d OCLCO
|d OCLCF
|d OCLCQ
|d OCLCO
|d DCHUA
|d OCLCO
|d CSA
|d OCLCO
|d OCL
|d OCLCO
|
| 043 |
|
|
|a n-us---
|
| 050 |
0 |
0 |
|a HQ767.9
|b .L545 1983
|
| 082 |
0 |
0 |
|a 649/.122
|2 19
|
| 100 |
1 |
|
|a Lief, Nina R.
|
| 245 |
1 |
4 |
|a The second year of life :
|b a curriculum for parenting education /
|c by Nina R. Lief ; in collaboration with Mary Ellen Fahs.
|
| 260 |
|
|
|a Los Angeles :
|b Sadlier,
|c ©1983.
|
| 300 |
|
|
|a xv, 311 pages :
|b illustrations ;
|c 26 cm
|
| 336 |
|
|
|a text
|b txt
|2 rdacontent
|
| 337 |
|
|
|a unmediated
|b n
|2 rdamedia
|
| 338 |
|
|
|a volume
|b nc
|2 rdacarrier
|
| 504 |
|
|
|a Includes bibliographical references (pages 303-308) and index.
|
| 650 |
|
0 |
|a Child development
|z United States.
|
| 650 |
|
0 |
|a Parenting
|z United States.
|
| 650 |
|
0 |
|a Child development.
|
| 650 |
|
0 |
|a Child psychology.
|
| 650 |
|
0 |
|a Infants
|x Care.
|
| 650 |
|
2 |
|a Child Development
|
| 650 |
|
2 |
|a Psychology, Child
|
| 650 |
|
2 |
|a Infant Care
|
| 650 |
|
2 |
|a Child Behavior
|
| 650 |
|
6 |
|a Enfants
|x Développement
|z États-Unis.
|
| 650 |
|
6 |
|a Rôle parental
|z États-Unis.
|
| 650 |
|
6 |
|a Enfants
|x Développement.
|
| 650 |
|
6 |
|a Enfants
|x Psychologie.
|
| 650 |
|
6 |
|a Nourrissons
|x Soins.
|
| 650 |
|
7 |
|a Infants
|x Care
|2 fast
|
| 650 |
|
7 |
|a Child psychology
|2 fast
|
| 650 |
|
7 |
|a Child development
|2 fast
|
| 650 |
|
7 |
|a Parenting
|2 fast
|
| 651 |
|
7 |
|a United States
|2 fast
|
| 700 |
1 |
|
|a Fahs, Mary Ellen.
|
| 776 |
0 |
8 |
|i Online version:
|a Lief, Nina R.
|t Second year of life.
|d Los Angeles : Sadlier, ©1983
|w (OCoLC)760277458
|
| 938 |
|
|
|a Baker and Taylor
|b BTCP
|n 82061133 //r91
|
| 938 |
|
|
|a YBP Library Services
|b YANK
|n 772951
|
| 948 |
|
|
|h HELD BY TXA - 116 OTHER HOLDINGS
|
| 994 |
|
|
|a Z0
|b TXA
|
| 999 |
f |
f |
|s 063b4ed9-e87d-3736-a4c5-748e8399a2f5
|i 35e92c6a-0497-3a03-be6c-e99c10f9cf34
|t 0
|
| 952 |
f |
f |
|p ric
|a Texas A&M University
|b Rellis Campus
|c Joint Library Facility
|s JLF
|d Remote Storage
|t 0
|e HQ769 .L488 1983
|h Library of Congress classification
|i unmediated -- volume
|m A14807991356
|